Environment and politics

Αποθηκεύτηκε σε:
Λεπτομέρειες βιβλιογραφικής εγγραφής
Κύριος συγγραφέας: Doyle, Timothy
Άλλοι συγγραφείς: McEachern, Doug
Μορφή: Βιβλίο
Γλώσσα:English
Δημοσίευση: London and New York : Routledge, 2008
Έκδοση:3η έκδ.
Σειρά:Routledge introductions to environment series
Θέματα:
Ετικέτες: Προσθήκη ετικέτας
Δεν υπάρχουν, Καταχωρήστε ετικέτα πρώτοι!

MARC

LEADER 00000nam a2200000 i 4500
001 1/26648
008 130226s2007 eng d
020 |a 978-0-415-38051-5 
035 |l 10113870 
040 |a GR-MY-UA  |b gre  |e aacr 
041 0 |a eng 
082 0 |a 363.7  |2 (22) 
100 1 |a Doyle, Timothy. 
245 1 0 |a Environment and politics /  |c Timothy Doyle and Doug McEachern 
250 |a 3η έκδ. 
260 |a London and New York :   |b Routledge,   |c 2008 
300 |a xxviii, 301 σ.;  |c 25 εκ. 
490 1 |a Routledge introductions to environment series 
504 |a Περιλαμβάνει βιβλιογραφία και ευρετήριο 
505 0 |a Politics and environmental studies -- Political theories and environmental conflict -- Environmental politics in social movements -- Green non-governmental organisations -- Political parties and the environment -- Business politics and the environment -- Institutional politics and policy making : the greening of administration -- Conclusion : environment and politics. 
650 0 0 |a Environmental policy. 
650 0 0 |a Green movement  |x Political aspects. 
700 1 |a McEachern, Doug. 
830 0 |a Routledge introductions to environment series 
852 |a INST  |b LESVOS  |e 20130226  |h 363.7 DOY  |p 005100051807  |q 005100051807  |t BK  |y 4  |x 20191127 
901 |a BIBL1-2013-1 
909 |a Λ  |b 177289 
922 |a 1ΕΛΗ  |b 201210  |c ΤΜΗΜΑ ΠΕΡΙΒΑΛΛΟΝΤΟΣ  |d ΙΩΑΝΝΙΔΟΥ 
970 |a ΤΖΑΦΕΡΗ  |b ΕΥΑΓΓΕΛΙΑ  |z 2013/02/26